Plus Beaux Villages de France par images #11 - Statistiques

Statistiques générales
  • Ce quiz a été pris 10 fois
  • Le résultat moyen est 2 sur 21
Statistiques - réponses
Par images Hint Réponse % Correct
Drôme (26) Grignan
33%
Dordogne (24) Limeuil
33%
Pyrénées-Atlantiques (64) Saint-Jean-Pied-de-Port
33%
Corrèze (19) Beaulieu-sur-Dordogne
22%
Var (83) Bormes-les-Mimosas
22%
Aveyron (12) Najac
22%
Lot (49) Capdenac-le-Haut
11%
Pyrénées-Orientales (66) Évol
11%
Gers (32) Fourcès
11%
Aveyron (12) La Couvertoirade
11%
Tarn (81) Lautrec
11%
Aveyron (12) Saint-Côme-d'Olt
11%
Vaucluse (84) Ansouis
0%
Cher (18) Apremont-sur-Allier
0%
Dordogne (24) Belvès
0%
Haute-Loire (43) Blesle
0%
Lozère (48) Le Malzieu-Ville
0%
Hérault (34) Olargues
0%
Lot-et-Garonne (47) Penne-d'Agenais
0%
Loire (42) Sainte-Croix-en-Jarez
0%
Puy-de-Dôme (63) Usson
0%
Aucun quiz correspondant
Distribution des résultats
% des personnes avec chaque résultat
Percentile par nombre de réponses
Votre historique - résultats
Vous n’avez pas pris ce quiz